Movies Quiz

Random Movies or Football Quiz

Sports Movies Picture Click, Part II Quiz Stats

Quiz not verified by Sporcle

Challenge
Share
Tweet
Score 0/17 Timer 04:00
0 Plays Today
% Correct
White Men Can't Jump
96.4%
Seabiscuit
95.4%
Caddyshack
95.2%
Cool Runnings
94%
The Bad News Bears
93.6%
Raging Bull
93.4%
The Big Lebowski
93.4%
The Hustler
92.1%
A League of Their Own
92%
% Correct
The Pride of the Yankees
91.1%
Miracle
88.9%
Bull Durham
86.2%
Escape to Victory (Victory)
85.1%
Rudy
84.9%
Brian's Song
81.9%
Eddie the Eagle
80.9%
Downhill Racer
75.9%

You're not logged in!

Compare scores with friends on all Sporcle quizzes.
Join for Free
OR
Log In

You Might Also Like...

Show Comments

Extras

Top Quizzes Today


Score Distribution

Your Account Isn't Verified!

In order to create a playlist on Sporcle, you need to verify the email address you used during registration. Go to your Sporcle Settings to finish the process.

Report this User

Report this user for behavior that violates our Community Guidelines.

Details: